| 000 | 00576cam a22002057a 4500 | ||
|---|---|---|---|
| 001 | 001228 | ||
| 003 | armpunfd | ||
| 005 | 20140612090635.0 | ||
| 008 | 030314e0####xx#a##########000#0#und#d | ||
| 040 |
_aarmpunfd _carmpunfd |
||
| 080 | _a342 B 917 | ||
| 100 | 1 | 0 | _a Burke, Edmund |
| 245 | 1 | 0 | _aTextos politicos |
| 260 |
_a Exico : Fondo De Cultura Economica _b1984. Isbn : 968-16-1486-0. |
||
| 650 | 7 |
_a Derecho Politico _2LEMB |
|
| 650 | 7 |
_a Discursos Politicos _2LEMB |
|
| 650 | 7 |
_a Revolucion Francesa _2LEMB |
|
| 942 |
_cLB _2cdu |
||
| 945 |
_aCatalis _d2010-08-19 |
||
| 999 |
_c1219 _d231723 |
||